| 000 | 01030nam0a22002651 4500 | ||
|---|---|---|---|
| 001 | rc\2594849 | ||
| 005 | 20250623124933.0 | ||
| 035 | _a(NLR Aleph) 006759032 | ||
| 090 |
_a5824503 _c5824503 |
||
| 100 | _a20110914d1929 |||y0rusy50 ca | ||
| 101 | 0 | _arus | |
| 102 | _aRU | ||
| 105 | _ay z ||||| | ||
| 200 | 1 |
_aСпутник матери грудного ребенка _fД-р Г. Б. Гецов |
|
| 205 | _a4-е изд. | ||
| 210 |
_a[Москва] _cГосмедиздат _d1929 _gЦентр. школа ФЗУ им. т. Борщевского "Мосполиграф" |
||
| 215 |
_a32 с., [2] с. для записей на обл. _cграф. _d13х9 см. |
||
| 300 | _aОбложка - бланк книжки для лиц, посещающих консультацию для грудных детей | ||
| 700 | 1 |
_aГецов _bГ.Б. _f1890- _gГерасим Борисович |
|
| 801 | 0 |
_aRU _bNLR _gpsbo |
|
| 801 | 1 |
_aRU _bELAR _2rusmarc |
|
| 852 |
_aNLR _j39/4095 |
||
| 942 | _cBOOK | ||
| 980 | _aNB | ||